书目信息 |
| 题名: |
航天测量船测控通信设备船摇稳定技术
|
|
| 作者: | 瞿元新 主编 | |
| 分册: | ||
| 出版信息: | 北京 国防工业出版社 2009.01 |
|
| 页数: | XII, 321页 | |
| 开本: | 21cm | |
| 丛书名: | 航天测量船海上测控技术丛书 | |
| 单 册: | ||
| 中图分类: | U661.2 , V556 | |
| 科图分类: | ||
| 主题词: | 测量船--ce liang chuan--海上测量--航天测控--通信设备--船舶稳定性 | |
| 电子资源: | ||
| ISBN: | 978-7-118-05942-7 | |
| 000 | 01125nam 2200277 450 | |
| 001 | 012009383028 | |
| 005 | 20090621150756.73 | |
| 010 | @a978-7-118-05942-7@dCNY32.00 | |
| 100 | @a20090621d2009 em y0chiy0120 ea | |
| 101 | 0 | @achi |
| 102 | @aCN@b110000 | |
| 105 | @aak a 000yy | |
| 106 | @ar | |
| 200 | 1 | @a航天测量船测控通信设备船摇稳定技术@Ahang tian ce liang chuan ce kong tong xin she bei chuan yao wen ding ji shu@f瞿元新主编@Fqu yuan xin zhu bian |
| 210 | @a北京@c国防工业出版社@d2009.01 | |
| 215 | @aXII, 321页@c图@d21cm | |
| 225 | 2 | @a航天测量船海上测控技术丛书@Ahang tian ce liang chuan hai shang ce kong ji shu cong shu |
| 320 | @a有书目 (第321页) | |
| 330 | @a本书共分6章,主要围绕船舶减摇、稳定平台、伺服稳定三级减摇措施系统介绍了航天测量船测控通信设备船摇稳定技术,并重点阐述了船载伺服稳定技术及船载伺服系统设计。 | |
| 410 | 0 | @12001 @a航天测量船海上测控技术丛书 |
| 606 | 0 | @a测量船@Ace liang chuan@x海上测量@x航天测控@x通信设备@x船舶稳定性 |
| 690 | @aU661.2@v4 | |
| 690 | @aV556@v4 | |
| 701 | 0 | @a瞿元新@Aqu yuan xin@4主编 |
| 801 | 0 | @aCN@bQSSK@c20090621 |
| 905 | @b745562-64@dU661.2@eJ843@f3 | |
| 航天测量船测控通信设备船摇稳定技术/瞿元新主编.-北京:国防工业出版社,2009.01 |
| XII, 321页:图;21cm.-(航天测量船海上测控技术丛书) |
| ISBN 978-7-118-05942-7:CNY32.00 |
| 本书共分6章,主要围绕船舶减摇、稳定平台、伺服稳定三级减摇措施系统介绍了航天测量船测控通信设备船摇稳定技术,并重点阐述了船载伺服稳定技术及船载伺服系统设计。 |
| ● |
| 相关链接 |
|
|
|
正题名:航天测量船测控通信设备船摇稳定技术
索取号:U661.2/J843
 
预约/预借
| 序号 | 登录号 | 条形码 | 馆藏地/架位号 | 状态 | 备注 |
| 1 | 745562 | 207455626 | 自科库501/501自科库 59排2列1层/ [索取号:U661.2/J843] | 在馆 | |
| 2 | 745563 | 207455635 | 自科库501/501自科库 59排2列1层/ [索取号:U661.2/J843] | 在馆 | |
| 3 | 745564 | 207455644 | 自科库501/501自科库 59排2列1层/ [索取号:U661.2/J843] | 在馆 |